000 00752nam a2200289Ia 4500
005 20250425162733.0
008 250425s9999 xx 000 0 und d
020 _a9786073210249
041 _aspa
043 _amx
082 _a657.42
100 _aHORNGREN, CHARLES T
245 0 _aCONTABILIDAD DE COSTOS: UN ENFOQUE GERENCIAL
250 _a14A ED.
260 _aMéxico
_bPEARSON
_c2012
260 _aNAUCALPAN DE JUAREZ
300 _a670
500 _aILUSTRADO 14A ED.
500 _aTítulo Traducido: COST ACCOUNTING 14TH EDITION
650 _aCONTABILIDAD DE COSTOS
650 _aPRESUPUESTOS
650 _aSISTEMA DE COSTEO
700 _aGOMEZ JAIME
_etraductor
710 _aPEARSON
942 _c01
010 _a104274
999 _c235392
_d235392